|
|
|
|
| LEADER |
00884nam a2200229 a 4500 |
| 001 |
1181040 |
| 008 |
100201s1998 maua 000 0 eng d |
| 010 |
|
|
|a 97024245
|
| 020 |
|
|
|a 0534954057 (alk. paper)
|
| 040 |
|
|
|a DLC
|c DLC
|d DLC
|d DB-DhAAL
|
| 082 |
0 |
0 |
|a 621.3815
|2 21
|
| 100 |
1 |
|
|a Rashid, M. H.
|
| 245 |
1 |
0 |
|a Electronics circuit design using Electronics workbench /
|c Muhammad H. Rashid.
|
| 260 |
|
|
|a Boston :
|b PWS Pub. Co.,
|c c1998.
|
| 300 |
|
|
|a x, 182 p. :
|b ill. ;
|c 24 cm.
|
| 490 |
0 |
|
|a The PWS BookWare companion series
|
| 541 |
1 |
|
|e 00009746
|
| 650 |
|
0 |
|a Electronic circuit design
|x Data processing.
|
| 630 |
0 |
0 |
|a Electronics workbench
|
| 852 |
4 |
|
|a Ayesha Abed Library
|j General Shelf.
|
| 999 |
|
|
|c 7607
|d 7607
|
| 952 |
|
|
|0 0
|1 0
|2 ddc
|4 0
|6 621_381500000000000_RAS_1998
|7 0
|9 8304
|a BRACUL
|b BRACUL
|c GEN
|d 2010-02-18
|l 5
|m 46
|o 621.3815 RAS
|p 3010009746
|r 2023-09-23
|s 2023-03-01
|t 1
|w 2010-02-18
|y BK
|